[Event "2nd Gujarat Open 2019"]
[Site "Ahmedabad, Gujarat"]
[Date "2019.09.27"]
[Round "8.5"]
[White "Nguyen, Van Huy"]
[Black "Karthikeyan, P.."]
[Result "1/2-1/2"]
[WhiteElo "2454"]
[BlackElo "2408"]
[Annotator "RC"]
[PlyCount "49"]
[EventDate "2019.09.22"]
[EventType "swiss"]
[EventCountry "IND"]
[SourceTitle "playchess.com"]
[Source "ChessBase"]
[SourceQuality "1"]
[TimeControl "5400+30"]

1. d4 {[%emt 0:02:29]} Nf6 {[%emt 0:00:05]} 2. c4 {[%emt 0:00:22]} e6 {[%emt 0:00:08]} 3. Nf3 {[%emt 0:00:27]} d5 {[%emt 0:00:29]} 4. g3 {[%emt 0:00:26]} Be7 {[%emt 0:00:29]} 5. Bg2 {[%emt 0:00:31]} O-O {[%emt 0:00:13]} 6. O-O {[%emt 0:00:05]} dxc4 {[%emt 0:00:05]} 7. Qc2 {[%emt 0:00:10]} b5 {[%emt 0:03:10]} 8. a4 {[%emt 0:00:39]} b4 {[%emt 0:00:26]} 9. Nfd2 {[%emt 0:01:07]} Nd5 {[%emt 0:02:33]} 10. Nxc4 {[%emt 0:03:57]} c5 {[%emt 0:00:09]} 11. dxc5 {[%emt 0:03:19]} Ba6 {[%emt 0:00:07]} 12. Nbd2 {[%emt 0:04:57]} Nd7 {[%emt 0:01:49]} 13. c6 {[%emt 0:08:25]} Nc5 {[%emt 0:01:32]} 14. Nb3 {[%emt 0:01:18]} Rc8 {[%emt 0:08:44]} 15. Ne5 {[%emt 0:09:28]} Nxb3 {[%emt 0:06:17]} 16. Qxb3 {[%emt 0:00:24]} Qd6 {[%emt 0:04:19]} 17. Bf4 {[%emt 0:03:25]} Nxf4 {[%emt 0:01:14]} 18. gxf4 {[%emt 0:00:09]} Bxe2 {[%emt 0:00:08]} 19. Rfe1 {[%emt 0:01:20]} Bh5 {[%emt 0:00:23]} 20. Bf3 {[%emt 0:06:26]} Bxf3 {[%emt 0:02:41]} 21. Qxf3 {[%emt 0:00:12]} Qc7 {[%emt 0:01:36]} 22. Rac1 {[%emt 0:04:21]} Bf6 {[%emt 0:02:48]} 23. Rc4 {[%emt 0:04:10]} Rfd8 {[%emt 0:03:01]} 24. Nd7 {[%emt 0:02:48]} Bxb2 {[%emt 0:03:57]} 25. Rxb4 {[%emt 0:02:53]} 1/2-1/2

[Event "2nd Gujarat Open 2019"]
[Site "Ahmedabad, Gujarat"]
[Date "2019.09.27"]
[Round "8.6"]
[White "Manik, Mikulas"]
[Black "Das, Sayantan"]
[Result "1/2-1/2"]
[WhiteElo "2375"]
[BlackElo "2434"]
[Annotator "NA"]
[PlyCount "59"]
[EventDate "2019.09.22"]
[EventType "swiss"]
[EventCountry "IND"]
[SourceTitle "playchess.com"]
[Source "ChessBase"]
[SourceQuality "1"]
[TimeControl "5400+30"]

1. e4 {[%emt 0:00:00]} e6 {[%emt 0:01:02]} 2. d4 {[%emt 0:00:00]} d5 {[%emt 0:00:07]} 3. Nc3 {[%emt 0:00:00]} Bb4 {[%emt 0:00:11]} 4. e5 {[%emt 0:00:00]} c5 {[%emt 0:00:23]} 5. a3 {[%emt 0:00:00]} Bxc3+ {[%emt 0:00:09]} 6. bxc3 {[%emt 0:00:00]} Qc7 {[%emt 0:00:28]} 7. Qg4 {[%emt 0:00:47]} f6 {[%emt 0:00:16]} 8. Nf3 {[%emt 0:08:16]} c4 {[%emt 0:00:38]} 9. Be2 {[%emt 0:04:33]} Nc6 {[%emt 0:00:33]} 10. O-O {[%emt 0:08:08]} Qf7 {[%emt 0:06:05]} 11. Qg3 {[%emt 0:13:32]} Nge7 {[%emt 0:00:32]} 12. exf6 {[%emt 0:00:05]} gxf6 {[%emt 0:00:33]} 13. Nh4 {[%emt 0:01:06]} Rg8 {[%emt 0:24:48]} 14. Qd6 {[%emt 0:06:05]} Bd7 {[%emt 0:12:41]} 15. Bf4 {[%emt 0:02:47]} Rd8 {[%emt 0:09:43]} 16. Rae1 {[%emt 0:13:31]} Bc8 {[%emt 0:08:46]} 17. Qc5 {[%emt 0:00:21]} h5 {[%emt 0:04:36]} 18. Bf3 {[%emt 0:07:26]} b6 {[%emt 0:05:24]} 19. Qb5 {[%emt 0:01:24]} Bd7 {[%emt 0:00:16]} 20. Qb2 {[%emt 0:02:24]} Qh7 {[%emt 0:00:56]} 21. Re3 {[%emt 0:14:27]} Kf7 {[%emt 0:03:11]} 22. Qc1 {[%emt 0:03:19]} Ng6 {[%emt 0:04:53]} 23. Nxg6 {[%emt 0:01:21]} Qxg6 {[%emt 0:00:11]} 24. Qd1 {[%emt 0:00:46]} Rh8 {[%emt 0:00:07]} 25. Bc7 {[%emt 0:01:13]} Rdg8 {[%emt 0:02:04]} 26. Bd6 {[%emt 0:00:29]} Qf5 {[%emt 0:02:08]} 27. Kh1 {[%emt 0:01:48]} Nd8 {[%emt 0:05:11]} 28. h3 {[%emt 0:03:48]} Ba4 {[%emt 0:00:20]} 29. Rfe1 {[%emt 0:01:02]} Bxc2 {[%emt 0:03:06]} 30. Qd2 {[%emt 0:00:09]} 1/2-1/2

[Event "2nd Gujarat Open 2019"]
[Site "Ahmedabad, Gujarat"]
[Date "2019.09.27"]
[Round "8.7"]
[White "Neelash Saha"]
[Black "Lugovskoy, Maxim"]
[Result "1-0"]
[WhiteElo "2334"]
[BlackElo "2422"]
[Annotator "TA"]
[PlyCount "151"]
[EventDate "2019.09.22"]
[EventType "swiss"]
[EventCountry "IND"]
[SourceTitle "playchess.com"]
[Source "ChessBase"]
[SourceQuality "1"]

{[%evp 9,151,8,10,-6,0,6,6,10,2,-3,12,0,6,-14,-13,-20,0,-18,-8,-32,-25,-30,-27,-26,-25,-18,-20,-33,-24,-45,-52,-56,-23,-31,-15,-25,0,0,0,0,0,0,0,0,8,16,18,35,53,12,81,108,99,89,177,94,162,142,143,137,131,0,127,121,269,24,122,0,262,0,129,129,131,133,130,0,119,0,107,96,138,131,165,104,138,132,436,435,451,442,431,423,479,478,479,474,456,456,443,429,370,370,357,320,29970,29973,29972,29973,29973,29968,29964,29964,29965,29965,29972,29969,29972,29971,29970,29959,29959,8989,528,8,8,8,8,8,8,8,8,8,8,8,29971,29973,29973,29974,29973,29975,29975,29976,29976,29977]} 1. Nf3 Nf6 2. d4 e6 3. g3 d5 4. Bg2 b5 5. O-O c5 (5... Bb7 6. a4 b4 7. a5 Be7 8. c3 O-O 9. cxb4 Bxb4 10. Qb3 Qe7 11. Bd2 Na6 12. Rc1 Rab8 13. Bxb4 Nxb4 {½-½ (25) Meier,G (2628)-Vallejo Pons,F (2693) Karlsruhe/Baden Baden 2019}) 6. b3 {A46: 1 d4 Nf6 2 Nf3 e6: Torre, London and Colle Systems} Bb7 7. c4 bxc4 8. bxc4 {The position is equal.} Nbd7 {[%cal Bb8d7,Bd7b6,Bb6d5,Bd5c3][%mdl 32]} 9. Qa4 Be7 10. Nc3 O-O 11. cxd5 Nxd5 12. Nxd5 Bxd5 13. Ba3 Nb6 $146 14. Qc2 cxd4 15. Bxe7 Qxe7 16. Nxd4 Rac8 17. Qb1 Qf6 18. Bxd5 Nxd5 19. Nf3 Nc3 20. Qd3 Rfd8 21. Qe3 a5 22. Rfc1 Rd5 23. Kg2 Rdc5 24. Rc2 g5 25. Rac1 g4 26. Nd4 {[%cal Rc2c3]} Nd5 $132 {[%mdl 2048] Black has counterplay} 27. Qe4 Rxc2 28. Rxc2 Rxc2 29. Qxg4+ Kf8 (29... Qg7 $1 $11 30. Qxg7+ Kxg7 31. Nxc2 Nc3) 30. Nxc2 $16 Qb2 31. Qc4 Nc3 (31... Qc3 $16 32. Qe4 Nf6) 32. Nd4 (32. Qc5+ $18 Kg8 33. Qg5+ Kf8 34. Qd8+ Kg7 35. Qd4+ Kg8 36. Qd8+ Kg7 37. Qd4+ Kg8 38. Ne3) 32... a4 (32... Qb4 $16 33. Qc8+ Kg7) 33. Qc5+ $18 Kg8 34. Qg5+ Kf8 35. Qc5+ (35. Nc6 $16 Nxe2 36. Qh6+ Ke8 37. Qh4 (37. Qxh7 Qxa2 38. Qh8+ Kd7 $16)) 35... Kg7 (35... Kg8 $11 {keeps the balance.}) 36. a3 $16 Nb1 (36... Nd5 $16 37. e4 Ne3+ 38. Kf3 Nd1) 37. Nc2 $2 (37. Qe5+ $18 Kg8 38. Qg5+ Kf8 39. Qf4 Qb7+ 40. Nf3) 37... Nc3 (37... h6 $11 {remains equal.}) 38. Nd4 (38. Qg5+ $16 Kf8 39. Qd8+ Kg7 40. Qd4+ Kg8 41. Ne3 (41. Qd8+ Kg7 $18)) 38... Nb1 $1 $18 39. Nc2 (39. Qe5+ $18 Kg8 40. Qg5+ Kf8 41. Qd8+ Kg7 42. Qd7) 39... Nc3 $16 40. Qd4+ Kg8 41. Qd8+ Kg7 42. Qd4+ Kg8 $1 43. Qd8+ Kg7 44. Qd3 Kg8 45. h4 Qb3 46. h5 ({White should try} 46. Qd8+ $18 Kg7 47. Qd4+ Kg8 48. Ne3) 46... h6 47. Ne3 Qxa3 $2 {[%mdl 8192]} (47... Nd5 $16 48. Nxd5 exd5) 48. Nd1 $1 $18 Qc5 49. Nxc3 a3 50. Na2 Qxh5 51. Qxa3 Qxe2 52. Nc3 Qd3 53. Qa8+ Kg7 54. Qf3 Qd4 55. Ne2 Qd6 56. Qe4 f5 $2 (56... Qc5 $18 57. Nf4 Qg5) 57. Qd4+ Qxd4 58. Nxd4 {[%mdl 4096] Endgame KN-K3P} Kf6 59. Nf3 e5 60. Kh3 e4 61. Nh4 Ke5 62. Kg2 h5 63. Ng6+ Kf6 64. Nf8 f4 65. Nd7+ (65. gxf4 $142 Kf5 66. Nd7 Kxf4 67. Nf6 h4 68. Nd5+ Kg4 69. Ne3+ Kh5 70. Kh3) 65... Kf5 66. Nc5 $2 (66. gxf4 $1 $18 {Strongly threatening Kg3.} Kxf4 67. Nf6) 66... Ke5 $11 67. Kh3 fxg3 68. fxg3 {Kh4 is the strong threat. KN-KPP} Kd5 69. Nb3 e3 {( -> ...e2)} 70. Kg2 Ke4 71. Nc5+ Kf5 $2 {[%mdl 8192]} (71... Kd4 $11 72. Ne6+ Ke4 73. Ng5+ Kd3) 72. Kf3 {White mates.} e2 73. Nd3 Kg5 {[#]} 74. Ne1 $1 {[%cal Re1g2]} Kf5 {[#]} 75. Ng2 $1 Kg5 76. Kxe2 {Accuracy: White = 59%, Black = 37%.} 1-0

[Event "2nd Gujarat Open 2019"]
[Site "Ahmedabad, Gujarat"]
[Date "2019.09.27"]
[Round "8.8"]
[White "Hesham, Abdelrahman"]
[Black "Sahoo, Utkal Ranjan"]
[Result "1/2-1/2"]
[WhiteElo "2396"]
[BlackElo "2329"]
[Annotator "NA RC"]
[PlyCount "144"]
[EventDate "2019.09.22"]
[EventType "swiss"]
[EventCountry "IND"]
[SourceTitle "playchess.com"]
[Source "ChessBase"]
[SourceQuality "1"]
[TimeControl "5400+30"]

1. Nf3 {[%emt 0:03:50]} Nf6 {[%emt 0:00:18]} 2. c4 {[%emt 0:00:04]} e6 {[%emt 0:00:13]} 3. e3 {[%emt 0:00:12]} d5 {[%emt 0:01:19]} 4. b3 {[%emt 0:00:13]} Be7 {[%emt 0:00:18]} 5. Bb2 {[%emt 0:00:08]} b6 {[%emt 0:00:42]} 6. Nc3 {[%emt 0:07:28]} Bb7 {[%emt 0:00:50]} 7. cxd5 {[%emt 0:02:32]} exd5 {[%emt 0:00:26]} 8. Be2 {[%emt 0:00:11]} O-O {[%emt 0:00:37]} 9. O-O {[%emt 0:00:14]} c5 {[%emt 0:02:10]} 10. d4 {[%emt 0:01:50]} Nc6 {[%emt 0:00:28]} 11. dxc5 {[%emt 0:01:09]} bxc5 {[%emt 0:00:40]} 12. Rc1 {[%emt 0:00:07]} Rc8 {[%emt 0:05:38]} 13. Na4 {[%emt 0:05:20]} Ne4 14. Nd2 {[%emt 0:00:20]} Nb4 {[%emt 0:24:45]} 15. a3 {[%emt 0:00:57]} Nxd2 {[%emt 0:02:06]} 16. Qxd2 {[%emt 0:00:08]} Na6 {[%emt 0:00:24]} 17. Rfd1 {[%emt 0:00:36]} Qd6 {[%emt 0:09:11]} 18. Qa5 {[%emt 0:16:51]} Rfd8 {[%emt 0:05:21]} 19. Bg4 {[%emt 0:02:52]} Rb8 {[%emt 0:01:50]} 20. Be2 {[%emt 0:07:44]} h6 {[%emt 0:07:17]} 21. Nc3 {[%emt 0:00:52]} d4 {[%emt 0:02:41]} 22. exd4 {[%emt 0:05:37]} cxd4 {[%emt 0:00:23]} 23. Na4 {[%emt 0:03:28]} Qg6 {[%emt 0:01:05]} 24. Bf1 {[%emt 0:03:42]} Rd5 {[%emt 0:05:57]} 25. Qe1 {[%emt 0:02:27]} Bf6 {[%emt 0:06:28]} 26. Rd3 {[%emt 0:04:01]} Be5 {[%emt 0:01:26]} 27. Qd2 {[%emt 0:01:40]} Rbd8 {[%emt 0:06:08]} 28. f4 {[%emt 0:07:18]} Bf6 {[%emt 0:01:13]} 29. Rg3 {[%emt 0:01:25]} Qf5 {[%emt 0:01:13]} 30. b4 {[%emt 0:05:18]} Qd7 {[%emt 0:05:13]} 31. Qd1 {[%emt 0:01:25]} Bc6 {[%emt 0:01:12]} 32. Bxa6 {[%emt 0:04:45]} Bxa4 {[%emt 0:00:05]} 33. Qd3 {[%emt 0:02:15]} Re8 {[%emt 0:01:19]} 34. Bc4 {[%emt 0:00:22]} Bb5 {[%emt 0:00:56]} 35. a4 {[%emt 0:00:58]} Bxc4 {[%emt 0:00:13]} 36. Qxc4 {[%emt 0:00:04]} Rf5 {[%emt 0:04:11]} 37. Rf3 {[%emt 0:00:46]} Qd6 {[%emt 0:01:38]} 38. Rcf1 {[%emt 0:01:45]} Rd5 {[%emt 0:00:26]} 39. Rd3 {[%emt 0:01:48]} Qd7 {[%emt 0:00:30]} 40. Rc1 {[%emt 0:02:42]} Re3 {[%emt 0:01:19]} 41. Qc8+ {[%emt 0:01:21]} Qxc8 {[%emt 0:00:25]} 42. Rxc8+ {[%emt 0:00:02]} Kh7 {[%emt 0:00:09]} 43. Rd2 {[%emt 0:00:04]} Rb3 {[%emt 0:01:31]} 44. Rc4 {[%emt 0:00:33]} Rf5 {[%emt 0:01:13]} 45. g3 {[%emt 0:02:26]} Be7 {[%emt 0:00:09]} 46. Bxd4 {[%emt 0:01:49]} Bxb4 {[%emt 0:00:07]} 47. Rb2 {[%emt 0:00:21]} Rxb2 {[%emt 0:00:26]} 48. Bxb2 {[%emt 0:00:01]} Bc5+ {[%emt 0:00:17]} 49. Kf1 {[%emt 0:01:22]} Rd5 {[%emt 0:00:01]} 50. Ke2 {[%emt 0:00:27]} f5 {[%emt 0:00:23]} 51. Rc3 {[%emt 0:00:41]} Kg6 {[%emt 0:00:48]} 52. Rd3 {[%emt 0:00:05]} Rxd3 {[%emt 0:00:06]} 53. Kxd3 {[%emt 0:00:01]} Bg1 {[%emt 0:01:32]} 54. Bd4 {[%emt 0:01:44]} Bxh2 {[%emt 0:00:02]} 55. Bxa7 {[%emt 0:00:06]} Bxg3 {[%emt 0:00:06]} 56. Be3 {[%emt 0:00:02]} Be1 {[%emt 0:00:07]} 57. Bd2 {[%emt 0:00:01]} Bf2 {[%emt 0:00:22]} 58. a5 {[%emt 0:00:01]} Ba7 {[%emt 0:00:12]} 59. Be3 {[%emt 0:00:37]} Bb8 {[%emt 0:00:06]} 60. Kc4 {[%emt 0:00:35]} h5 {[%emt 0:00:29]} 61. Bf2 {[%emt 0:02:12]} Bxf4 {[%emt 0:00:02]} 62. a6 {[%emt 0:00:22]} Bb8 {[%emt 0:00:01]} 63. Kd5 {[%emt 0:00:06]} h4 {[%emt 0:01:03]} 64. Bxh4 {[%emt 0:00:05]} Ba7 {[%emt 0:00:04]} 65. Bg3 {[%emt 0:00:54]} Kf7 {[%emt 0:02:41]} 66. Bd6 {[%emt 0:00:55]} Ke8 {[%emt 0:01:42]} 67. Kc6 {[%emt 0:00:11]} g5 {[%emt 0:00:45]} 68. Bc5 {[%emt 0:00:17]} Kd8 {[%emt 0:00:13]} 69. Bxa7 {[%emt 0:01:09]} Kc8 {[%emt 0:00:01]} 70. Kd5 {[%emt 0:00:14]} Kc7 {[%emt 0:00:11]} 71. Ke6 {[%emt 0:00:46]} f4 {[%emt 0:00:08]} 72. Kf5 {[%emt 0:00:07]} f3 {[%emt 0:00:03]} 1/2-1/2

[Event "2nd Gujarat Open 2019"]
[Site "Ahmedabad, Gujarat"]
[Date "2019.09.27"]
[Round "8.9"]
[White "Ziatdinov, Raset"]
[Black "Deepan Chakkravarthy J."]
[Result "0-1"]
[WhiteElo "2222"]
[BlackElo "2539"]
[Annotator "ChessBase"]
[PlyCount "96"]
[EventDate "2019.09.22"]
[EventType "swiss"]
[EventCountry "IND"]
[SourceTitle "playchess.com"]
[Source "ChessBase"]
[SourceQuality "1"]
[TimeControl "5400+30"]

1. e4 {[%emt 0:00:00]} c5 {[%emt 0:07:27]} 2. Nf3 {[%emt 0:00:00]} e6 {[%emt 0:00:04]} 3. d4 {[%emt 0:00:00]} cxd4 {[%emt 0:00:03]} 4. Nxd4 {[%emt 0:00:02]} Nc6 {[%emt 0:00:10]} 5. Nb5 {[%emt 0:00:26]} d6 {[%emt 0:00:07]} 6. c4 {[%emt 0:00:01]} Nf6 {[%emt 0:00:34]} 7. N1c3 {[%emt 0:00:20]} a6 {[%emt 0:00:07]} 8. Na3 {[%emt 0:00:04]} Be7 {[%emt 0:00:43]} 9. Be2 {[%emt 0:01:00]} O-O {[%emt 0:00:05]} 10. O-O {[%emt 0:00:04]} b6 {[%emt 0:00:26]} 11. Be3 {[%emt 0:00:09]} Ne5 {[%emt 0:00:18]} 12. Rc1 {[%emt 0:00:15]} Bb7 {[%emt 0:00:31]} 13. Qd4 {[%emt 0:04:07]} Rb8 {[%emt 0:02:14]} 14. Rfd1 {[%emt 0:01:12]} Ned7 {[%emt 0:10:46]} 15. b4 {[%emt 0:08:20]} Re8 {[%emt 0:00:49]} 16. Nab1 {[%emt 0:02:17]} Qc7 {[%emt 0:15:44]} 17. Nd2 {[%emt 0:00:22]} Rbc8 {[%emt 0:00:10]} 18. h3 {[%emt 0:05:21]} Qb8 {[%emt 0:03:12]} 19. Nf1 {[%emt 0:03:29]} Bf8 {[%emt 0:01:45]} 20. Ng3 {[%emt 0:02:59]} Rcd8 {[%emt 0:15:19]} 21. a3 {[%emt 0:05:47]} Nc5 {[%emt 0:01:51]} 22. Bg5 {[%emt 0:14:23]} Nb3 {[%emt 0:01:37]} 23. Qxb6 {[%emt 0:01:55]} Nd7 {[%emt 0:01:14]} 24. Qe3 {[%emt 0:00:47]} Nxc1 {[%emt 0:00:05]} 25. Qxc1 {[%emt 0:00:20]} Rc8 {[%emt 0:00:49]} 26. Bf4 {[%emt 0:03:46]} Nb6 {[%emt 0:09:09]} 27. Nh5 {[%emt 0:14:19]} Nxc4 {[%emt 0:02:02]} 28. Rd3 {[%emt 0:06:40]} Kh8 {[%emt 0:07:11]} 29. Rg3 {[%emt 0:02:11]} f6 {[%emt 0:12:33]} 30. Bh6 {[%emt 0:00:25]} Re7 {[%emt 0:00:35]} 31. Nxf6 {[%emt 0:08:26]} gxf6 {[%emt 0:03:29]} 32. Bxf8 {[%emt 0:00:07]} Rxf8 {[%emt 0:00:15]} 33. Bxc4 {[%emt 0:00:04]} Qc8 {[%emt 0:00:53]} 34. Qh6 {[%emt 0:00:54]} Ref7 {[%emt 0:00:37]} 35. Bb3 {[%emt 0:04:27]} Rg8 {[%emt 0:01:39]} 36. Rd3 {[%emt 0:01:08]} Rg5 {[%emt 0:01:09]} 37. h4 {[%emt 0:02:22]} Bxe4 {[%emt 0:00:30]} 38. Re3 {[%emt 0:05:24]} Rxg2+ {[%emt 0:00:05]} 39. Kf1 {[%emt 0:00:05]} Rg6 {[%emt 0:00:16]} 40. Qf4 {[%emt 0:01:02]} Bg2+ {[%emt 0:00:11]} 41. Ke1 {[%emt 0:00:25]} e5 {[%emt 0:00:12]} 42. Qh2 {[%emt 0:00:14]} Rc7 {[%emt 0:00:10]} 43. Kd2 {[%emt 0:01:45]} Bb7 {[%emt 0:00:10]} 44. h5 {[%emt 0:00:18]} Rg2 {[%emt 0:00:21]} 45. Qh4 {[%emt 0:00:08]} Qf5 {[%emt 0:00:05]} 46. Nd1 {[%emt 0:00:18]} Rg4 {[%emt 0:01:04]} 47. Rg3 {[%emt 0:01:07]} Rcg7 {[%emt 0:01:27]} 48. Rxg4 {[%emt 0:00:20]} Rxg4 {[%emt 0:00:21]} 0-1

[Event "2nd Gujarat Open 2019"]
[Site "Ahmedabad, Gujarat"]
[Date "2019.09.27"]
[Round "8.10"]
[White "Abu Sufian, Shakil"]
[Black "Nitin, S.."]
[Result "1-0"]
[WhiteElo "2255"]
[BlackElo "2361"]
[Annotator "NA"]
[PlyCount "129"]
[EventDate "2019.09.22"]
[EventType "swiss"]
[EventCountry "IND"]
[SourceTitle "playchess.com"]
[Source "ChessBase"]
[SourceQuality "1"]
[TimeControl "5400+30"]

1. e4 {[%emt 0:00:00]} c5 {[%emt 0:08:34]} 2. Nf3 {[%emt 0:00:00]} d6 {[%emt 0:00:25]} 3. d4 {[%emt 0:00:00]} cxd4 {[%emt 0:00:04]} 4. Nxd4 {[%emt 0:00:00]} Nf6 {[%emt 0:00:07]} 5. Nc3 {[%emt 0:00:00]} e6 {[%emt 0:00:06]} 6. Bc4 {[%emt 0:00:27]} Be7 {[%emt 0:00:17]} 7. Bb3 {[%emt 0:03:06]} O-O {[%emt 0:00:09]} 8. g4 {[%emt 0:00:58]} d5 {[%emt 0:09:26]} 9. exd5 {[%emt 0:02:24]} exd5 {[%emt 0:00:09]} 10. Rg1 {[%emt 0:02:47]} Nc6 {[%emt 0:01:51]} 11. g5 {[%emt 0:07:47]} Ne4 {[%emt 0:00:47]} 12. Nxc6 {[%emt 0:08:41]} bxc6 {[%emt 0:02:22]} 13. Nxe4 {[%emt 0:01:01]} dxe4 {[%emt 0:00:43]} 14. Qxd8 {[%emt 0:00:18]} Rxd8 {[%emt 0:00:32]} 15. Be3 {[%emt 0:00:38]} a5 {[%emt 0:00:42]} 16. Rd1 {[%emt 0:10:35]} Bf5 {[%emt 0:08:00]} 17. Rxd8+ {[%emt 0:04:04]} Bxd8 {[%emt 0:04:41]} 18. Kd2 {[%emt 0:07:09]} Bc7 {[%emt 0:00:57]} 19. h4 {[%emt 0:00:10]} a4 {[%emt 0:01:00]} 20. Bc4 {[%emt 0:00:09]} Be5 {[%emt 0:01:22]} 21. c3 {[%emt 0:02:40]} Bg6 {[%emt 0:01:36]} 22. Kc2 {[%emt 0:01:38]} Bh5 {[%emt 0:00:18]} 23. b3 {[%emt 0:01:15]} axb3+ {[%emt 0:03:06]} 24. Kxb3 {[%emt 0:00:45]} Kf8 {[%emt 0:00:29]} 25. a4 {[%emt 0:00:29]} Ke7 {[%emt 0:02:13]} 26. Ra1 {[%emt 0:00:39]} Bc7 {[%emt 0:00:53]} 27. Bc5+ {[%emt 0:03:09]} Bd6 {[%emt 0:00:19]} 28. Bd4 {[%emt 0:00:22]} Rb8+ {[%emt 0:03:11]} 29. Kc2 {[%emt 0:00:24]} Bg6 {[%emt 0:00:42]} 30. Be3 {[%emt 0:00:23]} f5 {[%emt 0:01:36]} 31. gxf6+ {[%emt 0:00:30]} gxf6 {[%emt 0:00:30]} 32. a5 {[%emt 0:02:29]} f5 {[%emt 0:00:00]} 33. a6 {[%emt 0:02:09]} f4 {[%emt 0:00:00]} 34. a7 {[%emt 0:00:15]} Ra8 {[%emt 0:00:00]} 35. Bb6 {[%emt 0:00:24]} e3+ {[%emt 0:00:08]} 36. Kb2 {[%emt 0:12:47]} Be4 {[%emt 0:02:23]} 37. fxe3 {[%emt 0:00:19]} f3 {[%emt 0:00:05]} 38. Rg1 {[%emt 0:00:36]} c5 {[%emt 0:00:42]} 39. Rg4 {[%emt 0:01:20]} Bc6 {[%emt 0:00:20]} 40. Rg7+ {[%emt 0:00:48]} Kf6 {[%emt 0:00:05]} 41. Rxh7 {[%emt 0:00:23]} Rf8 {[%emt 0:02:28]} 42. Rh6+ {[%emt 0:03:51]} Ke7 {[%emt 0:00:15]} 43. Bxc5 {[%emt 0:00:17]} Bxc5 {[%emt 0:01:07]} 44. Rxc6 {[%emt 0:00:06]} Bd6 {[%emt 0:00:04]} 45. Ra6 {[%emt 0:01:02]} Ra8 {[%emt 0:00:13]} 46. Kc2 {[%emt 0:02:51]} Bc5 {[%emt 0:01:09]} 47. Kd2 {[%emt 0:02:30]} Rxa7 {[%emt 0:00:10]} 48. Rxa7+ {[%emt 0:00:14]} Bxa7 {[%emt 0:00:06]} 49. Bd5 {[%emt 0:10:44]} f2 {[%emt 0:00:14]} 50. Bg2 {[%emt 0:00:05]} Kf6 {[%emt 0:01:45]} 51. Ke2 {[%emt 0:00:04]} Kf5 {[%emt 0:00:09]} 52. Bh3+ {[%emt 0:01:59]} Kg6 {[%emt 0:12:09]} 53. Kxf2 {[%emt 0:00:08]} Kh5 {[%emt 0:00:04]} 54. Kf3 {[%emt 0:00:08]} Kxh4 {[%emt 0:00:05]} 55. Kf4 {[%emt 0:01:54]} Bb8+ {[%emt 0:00:18]} 56. Kf5 {[%emt 0:00:13]} Kxh3 {[%emt 0:00:03]} 57. e4 {[%emt 0:00:20]} Kg3 {[%emt 0:00:05]} 58. e5 {[%emt 0:01:56]} Kf3 {[%emt 0:00:06]} 59. c4 {[%emt 0:00:38]} Ba7 {[%emt 0:01:14]} 60. e6 {[%emt 0:00:21]} Bc5 {[%emt 0:00:10]} 61. Ke5 {[%emt 0:00:13]} Kg4 {[%emt 0:00:35]} 62. Kd5 {[%emt 0:00:05]} Be7 {[%emt 0:00:13]} 63. c5 {[%emt 0:00:11]} Kf5 {[%emt 0:00:06]} 64. c6 {[%emt 0:00:05]} Bd8 {[%emt 0:00:07]} 65. e7 {[%emt 0:00:11]} 1-0

[Event "2nd Gujarat Open 2019"]
[Site "Ahmedabad, Gujarat"]
[Date "2019.09.27"]
[Round "8.11"]
[White "Sidhant, Mohapatra"]
[Black "Srihari L R"]
[Result "1/2-1/2"]
[WhiteElo "2357"]
[BlackElo "2283"]
[Annotator "TA"]
[PlyCount "45"]
[EventDate "2019.09.22"]
[EventType "swiss"]
[EventCountry "IND"]
[SourceTitle "playchess.com"]
[Source "ChessBase"]
[SourceQuality "1"]

{[%evp 25,45,0,0,0,0,0,2,0,8,0,0,-24,-23,-20,-22,-19,-25,-26,-19,-28,-20,-31]} 1. Nf3 $146 d6 2. d4 g6 3. e4 Nf6 4. Nc3 c6 5. Be2 Bg7 6. a4 O-O 7. h3 Qc7 8. O-O Nbd7 9. Be3 b6 10. Qd2 Bb7 11. Rfe1 e5 12. Bh6 Rfe8 13. Bxg7 Kxg7 14. dxe5 {B08: Pirc Defence: Classical System} dxe5 15. Bc4 Rad8 16. Qe3 Nf8 17. Red1 h6 18. Qe2 Bc8 19. Rxd8 Rxd8 20. Rd1 Rxd1+ 21. Qxd1 a6 22. b4 b5 23. Bb3 1/2-1/2

[Event "2nd Gujarat Open 2019"]
[Site "Ahmedabad, Gujarat"]
[Date "2019.09.27"]
[Round "8.12"]
[White "Liyanage, Ranindu Dilshan"]
[Black "Bharat Kumar Reddy Poluri"]
[Result "1/2-1/2"]
[WhiteElo "1956"]
[BlackElo "2304"]
[Annotator "NA"]
[PlyCount "96"]
[EventDate "2019.09.22"]
[EventType "swiss"]
[EventCountry "IND"]
[SourceTitle "playchess.com"]
[Source "ChessBase"]
[SourceQuality "1"]
[TimeControl "5400+30"]

1. d4 {[%emt 0:00:00]} e6 {[%emt 0:03:38]} 2. c4 {[%emt 0:00:00]} Nf6 {[%emt 0:00:02]} 3. Nf3 {[%emt 0:00:00]} d5 {[%emt 0:00:07]} 4. g3 {[%emt 0:00:12]} Be7 {[%emt 0:00:06]} 5. Bg2 {[%emt 0:00:08]} O-O {[%emt 0:00:03]} 6. O-O {[%emt 0:00:10]} dxc4 {[%emt 0:00:06]} 7. Ne5 {[%emt 0:00:16]} c5 {[%emt 0:00:15]} 8. dxc5 {[%emt 0:00:34]} Qc7 {[%emt 0:00:05]} 9. Nxc4 {[%emt 0:00:24]} Qxc5 {[%emt 0:00:14]} 10. b3 {[%emt 0:03:59]} Rd8 {[%emt 0:00:16]} 11. Qc2 {[%emt 0:01:47]} Nc6 {[%emt 0:00:18]} 12. Ba3 {[%emt 0:02:01]} Nb4 {[%emt 0:00:18]} 13. Bxb4 {[%emt 0:03:26]} Qxb4 {[%emt 0:00:02]} 14. Nbd2 {[%emt 0:01:48]} Bd7 {[%emt 0:03:18]} 15. a3 {[%emt 0:07:51]} Qb5 {[%emt 0:00:21]} 16. Ne4 {[%emt 0:01:17]} Rac8 {[%emt 0:01:06]} 17. Nxf6+ {[%emt 0:02:45]} Bxf6 {[%emt 0:00:55]} 18. Rad1 {[%emt 0:00:14]} Qa6 {[%emt 0:01:45]} 19. Qd2 {[%emt 0:08:10]} Bb5 {[%emt 0:14:00]} 20. Qb4 {[%emt 0:00:34]} Rc7 {[%emt 0:07:25]} 21. Rxd8+ {[%emt 0:19:14]} Bxd8 {[%emt 0:00:16]} 22. Rd1 {[%emt 0:00:18]} Be7 {[%emt 0:01:31]} 23. Qd2 {[%emt 0:00:53]} g5 {[%emt 0:12:01]} 24. Qb2 {[%emt 0:06:16]} Bxc4 {[%emt 0:10:13]} 25. bxc4 {[%emt 0:00:06]} b6 {[%emt 0:00:32]} 26. c5 {[%emt 0:06:01]} bxc5 {[%emt 0:03:12]} 27. Qb8+ {[%emt 0:00:52]} Rc8 {[%emt 0:04:36]} 28. Qb2 {[%emt 0:05:19]} Qb6 {[%emt 0:04:20]} 29. Qc2 {[%emt 0:01:57]} c4 {[%emt 0:01:41]} 30. Rd7 {[%emt 0:03:18]} Rc7 {[%emt 0:01:57]} 31. Rxc7 Qxc7 {[%emt 0:00:02]} 32. Be4 {[%emt 0:00:40]} Bxa3 {[%emt 0:01:19]} 33. Bxh7+ {[%emt 0:00:24]} Kg7 {[%emt 0:00:29]} 34. Bd3 {[%emt 0:00:50]} c3 {[%emt 0:00:06]} 35. Qa4 {[%emt 0:00:38]} Bd6 {[%emt 0:03:13]} 36. Qg4 {[%emt 0:01:36]} Qc5 {[%emt 0:00:54]} 37. h4 {[%emt 0:02:05]} c2 {[%emt 0:06:06]} 38. Bxc2 {[%emt 0:00:10]} Qxc2 {[%emt 0:00:12]} 39. Qd4+ {[%emt 0:00:05]} Kg6 {[%emt 0:00:59]} 40. Qxd6 {[%emt 0:00:55]} Qxe2 {[%emt 0:02:47]} 41. hxg5 {[%emt 0:02:35]} Qe1+ {[%emt 0:00:33]} 42. Kg2 {[%emt 0:00:08]} Qe4+ {[%emt 0:00:30]} 43. Kg1 {[%emt 0:00:30]} Qb1+ {[%emt 0:01:45]} 44. Kg2 {[%emt 0:02:20]} Qb7+ {[%emt 0:00:30]} 45. Kg1 {[%emt 0:00:30]} Kxg5 {[%emt 0:00:07]} 46. Qf4+ {[%emt 0:00:00]} Kg6 {[%emt 0:00:04]} 47. Qg4+ {[%emt 0:00:00]} Kf6 {[%emt 0:00:15]} 48. Qh4+ {[%emt 0:00:00]} Kg7 {[%emt 0:01:09]} 1/2-1/2